Náhodné dynamické zatížení stavebních konstrukcí skupinou strojů

Enregistré dans:
Détails bibliographiques
Auteurs principaux: Novák, Pavel (Auteur), Bohdanecký, Václav (Auteur)
Format: Livre
Langue:tchèque
Publié: Praha : Academia, 1985
Édition:1. vyd.
Tags: Ajouter un tag
Pas de tags, Soyez le premier à ajouter un tag!

MARC

LEADER 00000nam a22000003a 4500
001 stu139339
005 20150617225926.3
008 070327s1985----xr------------------cze-d
040 |a STU  |b slo 
041 0 |a cze 
044 |a xr 
080 |a 531.3:624.92 
100 1 |a Novák, Pavel  |4 aut 
245 1 |a Náhodné dynamické zatížení stavebních konstrukcí skupinou strojů 
250 |a 1. vyd. 
260 |a Praha :  |b Academia,  |c 1985 
300 |a 100 s 
700 1 |a Bohdanecký, Václav  |4 aut 
996 |b 284V030007  |c V*29599/O-11763  |l VVS  |s A  |a 24  |w stu139339_0001 
996 |b 284V030006  |c V*29600/O-11763a  |l VVS  |s A  |a 24  |w stu139339_0002